Corāñcā bājāra. (Record no. 61655)

MARC details
000 -LEADER
fixed length control field 00642cam a22002291 4500
001 - CONTROL NUMBER
control field sa 65000675
003 - CONTROL NUMBER IDENTIFIER
control field DLC
005 - DATE AND TIME OF LATEST TRANSACTION
control field 20260227112104.0
008 - FIXED-LENGTH DATA ELEMENTS--GENERAL INFORMATION
fixed length control field 890816s1963 ii 000 0 maro
010 ## - LIBRARY OF CONGRESS CONTROL NUMBER
LC control number sa 65000675
035 ## - SYSTEM CONTROL NUMBER
System control number (OCoLC)20186455
040 ## - CATALOGING SOURCE
Original cataloging agency DLC
Transcribing agency WaU
Modifying agency DLC
042 ## - AUTHENTICATION CODE
Authentication code premarc
050 00 - LIBRARY OF CONGRESS CALL NUMBER
Classification number PK2418.J665
Item number C6
100 1# - MAIN ENTRY--PERSONAL NAME
Personal name Jośī, Vāmana Malhāra,
Dates associated with a name 1882-1943.
245 10 - TITLE STATEMENT
Title Corāñcā bājāra.
260 ## - PUBLICATION, DISTRIBUTION, ETC.
Date of publication, distribution, etc. [1963]
300 ## - PHYSICAL DESCRIPTION
Extent 84 p.
Dimensions 19 cm.
500 ## - GENERAL NOTE
General note In Marathi.
500 ## - GENERAL NOTE
General note A dramatization of Shivram Narhar Kolhatkar's Corāvara mora.
700 1# - ADDED ENTRY--PERSONAL NAME
Personal name Kolhatkar, Shivram Narhar,
Dates associated with a name 1909-
Title of a work Corāvara mora.

No items available.

Powered by Koha